| 000 | 00951cam a22002531 4500 | ||
|---|---|---|---|
| 001 | sd 46000017 | ||
| 003 | DLC | ||
| 005 | 20260227112735.0 | ||
| 008 | 940601s1946 nyuab b 000 0 eng c | ||
| 010 | _asd 46000017 | ||
| 035 | _a(OCoLC)30526322 | ||
| 040 |
_aU.S. Dept. of State. Libr. _cIEN _dDLC |
||
| 050 | 0 | 0 |
_aD410 _b.F65 vol. 22, no. 4 |
| 082 | _a940.52 | ||
| 100 | 1 |
_aBlack, Cyril Edwin, _d1915- |
|
| 245 | 1 | 4 |
_aThe axis satellites and the great powers, _cby Cyril E. Black. |
| 260 |
_aNew York, N.Y., _bForeign policy association, incorporated _c[1946] |
||
| 300 |
_a1 p. l., 39-52 p. _billus. (maps) _c27 cm. |
||
| 490 | 0 |
_aForeign policy reports, _vvol. XXII, no. 4. May 1, 1946 |
|
| 500 | _a"Territorial problems of the axis satellites, by Ona K.D. Ringwood and Cyril E. Black": p. [51]-52. | ||
| 504 | _aBibliographical foot-notes. | ||
| 651 | 0 |
_aEurope _xPolitics and government _y1918-1945. |
|
| 650 | 0 | _aReconstruction (1939-1951) | |
| 999 |
_c89962 _d89962 |
||